000 01223 a2200205 4500
001 22817
005 20260407155518.0
008 260407a1964 arg spa d
003 AR-UNSa-BCEJYS
040 _aAR-UNSa-BCEJYS
_bspa
_cAR-UNSa-BCEJYS
080 _a657
_xContabilidad
245 1 0 _aElementos de contabilidad general
250 _a5a. ed
264 1 _aBuenos Aires :
_bSelección Contable
_c1964
300 _a461 p.
_c21 cm.
505 _a1. El ente y su zona económica: La hacienda - 2. El patrimonio, elemento material de la hacienda - 3. El capital en las empresas - 4. El órgano administrativo - 5. Las funciones de administración económica - 6. La contabilidad en la esfera de la administración económica - 7. Inventarios - 8. La valuación de inventarios - 9. Presupuestos - 10. El contreñimiento de la gestión administrativa - 11. Las registración en contabilidad - 12. Métodos de registración - 13. La partida doble - 14. Las diversas formas de la partida doble - 15. Rendiciones de cuentas y balances - 16. La forma oficial de balance y cuadro de ganancias y perdidas de las sociedades anónimas.
942 _cBK
590 _aniveau_biblio:m niveau_hierar:0
100 1 _aArevalo, Alberto
999 _c1059
_d1059